[Event "World-chT Rapid"]
[Site "Dusseldorf"]
[Date "2023.08.28"]
[Round "12"]
[White "Holoubek, Jonas"]
[Black "Vollbehr, Bjarne"]
[Result "1/2-1/2"]
[WhiteElo "1570"]
[BlackElo "1871"]
[PlyCount "127"]
[EventDate "2023.08.26"]
[EventType "team-swiss (rapid)"]
[EventRounds "12"]
[EventCountry "GER"]
[SourceTitle "CBM 215 Extra"]
[Source "ChessBase"]
[SourceDate "2023.09.30"]
[SourceVersion "1"]
[SourceVersionDate "2023.09.30"]
[SourceQuality "1"]
[WhiteTeam "Bayreuth Unischach"]
[BlackTeam "Kiel Doppelbauer"]
[WhiteTeamCountry "GER"]
[BlackTeamCountry "GER"]

1. d4 g6 2. c4 Bg7 3. Nf3 d6 4. Nc3 Nc6 5. Bg5 h6 6. Bh4 Bg4 7. d5 Bxf3 8. exf3 Nd4 9. Qd2 c5 10. Ne2 Nf5 11. Bg3 Qb6 12. Rb1 Nf6 13. Nc3 Qa5 14. Bd3 Nd4 15. 0-0 0-0 16. Rfd1 a6 17. Ne2 Nxe2+ 18. Qxe2 Rfe8 19. b3 Nd7 20. Qc2 Ne5 21. Bxe5 Bxe5 22. Re1 Kg7 23. Re2 b5 24. Rbe1 bxc4 25. Bxc4 Qb6 26. a4 Ra7 27. Qd3 Rb8 28. g3 Qb4 29. f4 Bf6 30. Kg2 a5 31. h4 Rbb7 32. Kh3 Bc3 33. Rd1 Bd4 34. f5 Qc3 35. Qxc3 Bxc3 36. fxg6 fxg6 37. Rd3 Bd4 38. f4 Ra8 39. Rd1 Rab8 40. Rde1 Bf6 41. Re3 Kf7 42. R1e2 Rb4 43. Re1 Rxc4 44. bxc4 Rb4 45. g4 Rxc4 46. g5 hxg5 47. fxg5 Be5 48. Re4 Rc3+ 49. R1e3 Rxe3+ 50. Rxe3 e6 51. dxe6+ Kxe6 52. Rf3 c4 53. Rf2 c3 54. Kg4 d5 55. Kf3 Kf5 56. Ke2+ Kg4 57. Kd3 d4 58. Rg2+ Kxh4 59. Re2 Bg7 60. Rg2 Kh3 61. Re2 Kg3 62. Re4 Kf3 63. Re7 Bh8 64. Re8 1/2-1/2

[Event "World-chT Rapid"]
[Site "Dusseldorf"]
[Date "2023.08.27"]
[Round "8.14"]
[White "Vollbehr, Bjarne"]
[Black "Nechitailo, Lev"]
[Result "0-1"]
[WhiteElo "1871"]
[BlackElo "1462"]
[PlyCount "54"]
[EventDate "2023.08.26"]
[EventType "team-swiss (rapid)"]
[EventRounds "12"]
[EventCountry "GER"]
[SourceTitle "CBM 215 Extra"]
[Source "ChessBase"]
[SourceDate "2023.09.30"]
[SourceVersion "1"]
[SourceVersionDate "2023.09.30"]
[SourceQuality "1"]
[WhiteTeam "Kiel Doppelbauer"]
[BlackTeam "Chess Wizzards"]
[WhiteTeamCountry "GER"]
[BlackTeamCountry "UKR"]

1. d4 d5 2. Nf3 Nc6 3. e3 Nf6 4. c4 e6 5. cxd5 exd5 6. Nc3 Bd7 7. a3 Bd6 8. b4 a6 9. Qb3 Bg4 10. Be2 0-0 11. h3 Bh5 12. Bd2 Be7 13. Ne5 Bxe2 14. Nxc6 bxc6 15. Nxe2 Ne4 16. Rc1 Nxd2 17. Kxd2 Qd7 18. Rc2 a5 19. Rhc1 axb4 20. Rxc6 Rxa3 21. Rxc7 Qd6 22. Qb2 b3 23. Ke1 Qb4+ 24. Kf1 Ra2 25. Qc3 b2 26. Qxb4 Bxb4 27. Rd1 Ra1 0-1

[Event "World-chT Rapid"]
[Site "Dusseldorf"]
[Date "2023.08.26"]
[Round "2.16"]
[White "Vollbehr, Bjarne"]
[Black "Gaab, Wolfgang"]
[Result "1-0"]
[WhiteElo "1871"]
[BlackElo "2060"]
[PlyCount "91"]
[EventDate "2023.08.26"]
[EventType "team-swiss (rapid)"]
[EventRounds "12"]
[EventCountry "GER"]
[SourceTitle "CBM 215 Extra"]
[Source "ChessBase"]
[SourceDate "2023.09.30"]
[SourceVersion "1"]
[SourceVersionDate "2023.09.30"]
[SourceQuality "1"]
[WhiteTeam "Kiel Doppelbauer"]
[BlackTeam "Neustadt Weinstrasse"]
[WhiteTeamCountry "GER"]
[BlackTeamCountry "GER"]

1. d4 Nf6 2. c4 d6 3. Nc3 e5 4. dxe5 dxe5 5. Qxd8+ Kxd8 6. Bg5 c6 7. Nf3 Nbd7 8. 0-0-0 Kc7 9. g3 Bb4 10. Bxf6 gxf6 11. Ne4 a5 12. Bh3 Be7 13. Nh4 Nc5 14. Bxc8 Rhxc8 15. Nxc5 Bxc5 16. f3 Rd8 17. Nf5 Rxd1+ 18. Rxd1 Rd8 19. e4 Rxd1+ 20. Kxd1 Bf8 21. Ke2 Kb6 22. Kd3 Kc5 23. Kc3 b5 24. a3 bxc4 25. a4 Kb6 26. Kxc4 Kc7 27. Ne3 Bh6 28. Ng4 Bg7 29. h4 h5 30. Ne3 Bh6 31. Nf5 Bf8 32. g4 hxg4 33. fxg4 Kd7 34. h5 Ke8 35. h6 Bxh6 36. Nxh6 Kf8 37. Nf5 Kg8 38. Kc5 Kh7 39. Kxc6 Kg6 40. Nd6 Kg5 41. Nxf7+ Kxg4 42. Nd6 Kf3 43. Kb5 Ke3 44. Kxa5 Kd4 45. Kb5 Kd3 46. a5 1-0

[Event "GER-ch U25-A"]
[Site "Willingen"]
[Date "2023.05.31"]
[Round "5"]
[White "Lohr, Maximilian"]
[Black "Vollbehr, Bjarne"]
[Result "1/2-1/2"]
[WhiteElo "2106"]
[BlackElo "1867"]
[PlyCount "150"]
[EventDate "2023.05.27"]
[EventType "swiss"]
[EventRounds "9"]
[EventCountry "GER"]
[SourceTitle "CBM 214 Extra"]
[Source "ChessBase"]
[SourceDate "2023.07.31"]
[SourceVersion "1"]
[SourceVersionDate "2023.07.31"]
[SourceQuality "1"]

1. e4 e5 2. Nf3 Nc6 3. Bb5 a6 4. Ba4 Nf6 5. 0-0 Be7 6. c3 b5 7. Bc2 d5 8. d3 0-0 9. h3 h6 10. Qe2 Re8 11. Rd1 Bf8 12. Nbd2 d4 13. c4 Qd6 14. a4 Nb4 15. Bb3 Be6 16. axb5 Nd7 17. c5 Qxc5 18. Bxe6 Rxe6 19. Nc4 Qxb5 20. Ra5 Qb7 21. Nfxe5 c5 22. Nxd7 Qxd7 23. Qg4 Qc6 24. f4 Rg6 25. Qh5 Rg3 26. Ra3 Qg6 27. Qxg6 Rxg6 28. f5 Rc6 29. Bf4 f6 30. Kf2 Kf7 31. g4 g5 32. Bg3 Bg7 33. Ke2 h5 34. Kd2 hxg4 35. hxg4 Rh8 36. Raa1 Rh3 37. Rg1 Bf8 38. Rg2 Be7 39. Rag1 Rc8 40. Rh2 Rch8 41. Rgh1 Rxh2+ 42. Rxh2 Rxh2+ 43. Bxh2 Ke8 44. Nb6 Nc6 45. Nd5 Bd8 46. Bd6 Na5 47. Bc7 Bxc7 48. Nxc7+ Ke7 49. Nxa6 Kd6 50. b4 cxb4 51. Nxb4 Nb3+ 52. Ke2 Ke5 53. Kf3 Nc1 54. Nc6+ Kd6 55. Nxd4 Nxd3 56. Nc2 Ke5 57. Na3 Nc5 58. Nc4+ Kd4 59. Nd6 Nd7 60. Nf7 Kd3 61. e5 fxe5 62. Nxg5 Nf6 63. Kg3 e4 64. Nh3 e3 65. Kf3 Kd4 66. Nf4 Ke5 67. Nd3+ Kd6 68. g5 Nd5 69. Ke2 Ne7 70. f6 Nd5 71. f7 Ke7 72. g6 Kf8 73. Ne5 Nf4+ 74. Kxe3 Nxg6 75. Nxg6+ Kxf7 1/2-1/2

[Event "GER-chT U14"]
[Site "Kelheim"]
[Date "2022.12.29"]
[Round "5"]
[White "Kuhlmann, Nils Magnus"]
[Black "Vollbehr, Bjarne"]
[Result "0-1"]
[WhiteElo "1560"]
[BlackElo "1791"]
[PlyCount "104"]
[EventDate "2022.12.26"]
[EventType "team-swiss"]
[EventRounds "7"]
[EventCountry "GER"]
[SourceTitle "CBM 212 Extra"]
[Source "ChessBase"]
[SourceDate "2023.03.31"]
[SourceVersion "1"]
[SourceVersionDate "2023.03.31"]
[SourceQuality "1"]
[WhiteTeam "Stassfurt Einheit"]
[BlackTeam "Kiel Doppelbauer"]
[WhiteTeamCountry "GER"]
[BlackTeamCountry "GER"]

1. e4 g6 2. d4 Bg7 3. Nc3 a6 4. Be3 b5 5. Qd2 d6 6. 0-0-0 Nd7 7. h4 h5 8. f3 Bb7 9. Nh3 Rc8 10. Ng5 c5 11. dxc5 Nxc5 12. Bd4 Nf6 13. Qf4 Qa5 14. e5 dxe5 15. Bxe5 b4 16. Nb1 b3 17. Bc4 bxc2 18. Kxc2 Qa4+ 19. Kd2 Qxc4 20. Qxc4 Nce4+ 21. Nxe4 Rxc4 22. Bxf6 Bxf6 23. Nxf6+ exf6 24. Rhe1+ Kf8 25. Nc3 Rxh4 26. Kc1 Bc6 27. Rd6 Bb5 28. Nxb5 axb5 29. Rb6 b4 30. Rxf6 Kg7 31. Rb6 Ra8 32. Kb1 Rd4 33. Rb7 Rc8 34. b3 Rcd8 35. Rc7 Rd2 36. Rc2 f5 37. Rec1 g5 38. Rc7+ Kf6 39. R1c2 Ke5 40. R2c4 Rxg2 41. f4+ gxf4 42. R7c5+ Kf6 43. Rxf4 Rd1+ 44. Rc1 Rxc1+ 45. Kxc1 Rxa2 46. Rxb4 Re2 47. Rb8 h4 48. Kd1 Re6 49. Rg8 Re4 50. Rh8 Kg5 51. Rg8+ Kf4 52. Kd2 h3 0-1

[Event "GER-ch Youth-B"]
[Site "Willingen"]
[Date "2022.06.09"]
[Round "7"]
[White "Sari, Reber Furkan"]
[Black "Vollbehr, Bjarne"]
[Result "0-1"]
[WhiteElo "1292"]
[BlackElo "1634"]
[PlyCount "84"]
[EventDate "2022.06.04"]
[EventType "swiss"]
[EventRounds "9"]
[EventCountry "GER"]
[SourceTitle "CBM 208 Extra"]
[Source "ChessBase"]
[SourceDate "2022.07.31"]
[SourceVersion "1"]
[SourceVersionDate "2022.07.31"]
[SourceQuality "1"]

1. e4 e5 2. Nf3 Nc6 3. Bb5 d6 4. d4 exd4 5. Nxd4 Bd7 6. Bxc6 bxc6 7. c4 Be7 8. 0-0 Nf6 9. Nc3 0-0 10. Re1 Re8 11. f3 c5 12. Nc2 Be6 13. Ne3 Nd7 14. Ncd5 Bf8 15. b3 Nb6 16. Bb2 Rb8 17. Qc2 c6 18. Nc3 Qg5 19. Qf2 f5 20. exf5 Bxf5 21. Nxf5 Qxf5 22. Rad1 d5 23. cxd5 cxd5 24. Re2 d4 25. Ne4 Nd5 26. Rc1 Nf4 27. Rd2 d3 28. Kh1 Rbd8 29. Rcd1 c4 30. bxc4 Qf7 31. c5 Qc4 32. Rc1 Qf7 33. Ba1 Ne2 34. Rcd1 Rxe4 35. Rxd3 Rxd3 36. Rxd3 Re8 37. Rd2 Nf4 38. c6 Bc5 39. Qg3 Nh5 40. Qh4 Qf4 41. g3 Qxf3+ 42. Rg2 Re1# 0-1